000
00343nam a2200145Ia 4500
003
OSt
005
20240102064507.0
008
170524s9999 xx 000 0 und d
020
_a
9788189161569
040
_c
IIMT UNIVERSITY
100
_a
KUMAR SANJAY
245
0
_a
ANTERASTRIIYA SAMBHAND
260
_b
New Delhi : Adhiyaya
942
_2
ddc
_c
01
999
_c
9412
_d
9412